Super Mario 64 Quiz - Statistics

General Stats
  • This quiz has been taken 699 times
  • The average score is 10 of 17
Answer Stats
Hint Answer % Correct
First Stage in SM64 Bob-omb battlefield
86%
How many "Secret Stars" are there? 15
77%
How many seconds must you beat the slide in to get a secret star? 21
76%
In Jolly Roger Bay, a star is on the tail of a ___ Eel
75%
Which stage is the Metal Cap found in? Hazy Maze Cave
72%
It is fought three times in Big Boo's Haunt Big Boo
66%
Firebars only appear in one stage. This is... Lethal Lava Land
64%
The only Bullet Bill Cannon is found in... Whomp's Fortress
63%
Name of Course 15 Rainbow Ride
62%
Star #6 in Tiny-Huge Island is called "Make ______ Squirm" Wiggler
62%
What cap is required to get the star in the Igloo? Vanish
58%
What is the name of the yellow rabbit? Mips
55%
Which stage has a single Thwomp? Tick Tock Clock
51%
Star #6 in Dire Dire Docks is called "Collect the ___...." Caps
38%
Name of the stone hands in Shifting Sand Land Eyerok
31%
The large Bully made of ice Chill Bully
30%
The giant goombas are called _____ Goombas Grand
10%
No matching quizzes found
Score Distribution
Percent of People with Each Score
Percentile by Number Answered
Your Score History
You have not taken this quiz